LEADER 00952nam a2200277 i 4500 001 991000805579707536 005 20020507173821.0 008 980121s1968 it ||| | ita 035 $ab10759712-39ule_inst 035 $aLE01302595$9ExL 040 $aDip.to Matematica$beng 082 0 $a510 084 $aAMS 00A35 084 $aZDM D50 110 2 $aNuffield foundation$0284751 245 10$aDalle esperienze alle relazioni /$cFOIST 260 $aBologna :$bZanichelli,$cc1968 300 $a80 p. ;$c18 cm. 490 0 $aProgetto Nuffield per la matematica. Forme e dimensioni ;$v1 650 4$aTeaching methods 907 $a.b10759712$b23-02-17$c28-06-02 912 $a991000805579707536 945 $aLE013 D50 FOI14 (1968)$g1$i2013000093826$lle013$o-$pE0.00$q-$rl$s- $t0$u1$v0$w1$x0$y.i10854836$z28-06-02 996 $aDalle esperienze alle relazioni$9923137 997 $aUNISALENTO 998 $ale013$b01-01-98$cm$da $e-$fita$git $h0$i1 LEADER 01057nam a22002651i 4500 001 991002021689707536 005 20040303160355.0 008 040407s1954 it |||||||||||||||||ita 035 $ab12858808-39ule_inst 035 $aARCHE-083842$9ExL 040 $aDip.to Scienze Storiche$bita$cA.t.i. Arché s.c.r.l. Pandora Sicilia s.r.l. 082 04$a759.5 082 04$a709 100 1 $aMazzariol, Giuseppe$010555 245 10$aProposte per uno studio su Van Gogh /$cGiseppe Mazzariol 260 $aFirenze :$bVallecchi,$c1954 300 $a1 v. ;$c25 cm 500 $aEstr. da: Annali della Scuola normale superiore di Pisa, Serie 2, v. 23, fasc. 1-2(1954) 600 14$aGogh, Vincent :$cvan$xStudi critici 907 $a.b12858808$b02-04-14$c16-04-04 912 $a991002021689707536 945 $aLE009 ARTE MISC. 31/27 (Fondo Bottari)$g1$iLE009-3506/27$lle009$o-$pE0.00$q-$rn$so $t0$u0$v0$w0$x0$y.i13419031$z16-04-04 996 $aProposte per uno studio su Van Gogh$9303240 997 $aUNISALENTO 998 $ale009$b16-04-04$cm$da $e-$fita$git $h0$i1